Tôn giáo với dân tộc và chủ nghĩa xã hội

Nghiên cứu mối quan hệ giữa tôn giáo với dân tộc và chủ nghĩa xã hội. Vấn đề tôn giáo đồng hành cùng dân tộc trong quá trình xây dựng chủ nghĩa xã hội ở nước ta hiện nay. Những bài học của quá khứ và dự báo tương lai

Wedi'i Gadw mewn:
Manylion Llyfryddiaeth
Prif Awdur: Nguyễn Đức Lữ
Fformat: Llyfr
Iaith:Vietnamese
Cyhoeddwyd: H. Chính trị Quốc gia 2013
Pynciau:
Tagiau: Ychwanegu Tag
Dim Tagiau, Byddwch y cyntaf i dagio'r cofnod hwn!
Thư viện lưu trữ: Mạng thư viện Đại học Đà Nẵng
LEADER 01546aam a22003858a 4500
001 000019878
003 16319
005 20141128091124.0
008 141119s2013 viesd
020 |c 68000đ  |d 540b 
041 0 |a vie 
082 1 4 |2 14  |a 201.7  |b NG-L 
100 1 |a Nguyễn Đức Lữ 
245 1 0 |a Tôn giáo với dân tộc và chủ nghĩa xã hội  |c Nguyễn Đức Lữ 
260 |a H.  |b Chính trị Quốc gia  |c 2013 
300 |a 423 tr.  |c 21 cm. 
504 |a Thư mục: tr. 415-420 
520 |a Nghiên cứu mối quan hệ giữa tôn giáo với dân tộc và chủ nghĩa xã hội. Vấn đề tôn giáo đồng hành cùng dân tộc trong quá trình xây dựng chủ nghĩa xã hội ở nước ta hiện nay. Những bài học của quá khứ và dự báo tương lai 
650 0 4 |2 Bộ TK TVQG  |a Tôn giáo  |x Chủ nghĩa xã hội 
650 0 4 |2 Bộ TK TVQG  |a Tôn giáo  |x Dân tộc 
650 7 |2 Bộ TK TVQG 
651 7 |2 Bộ TK TVQG  |a Việt Nam 
653 |a Tôn giáo 
653 |a Dân tộc 
653 |a Chủ nghĩa xã hội 
OWN |a LSP 
AVA |a UDN50  |b LSP  |d 201.7 NG-L  |e available  |t Error 5001 Not defined in file expand_doc_bib_avail.  |f 5  |g 0  |h N  |i 0  |k 1 
999 |a From the UDN01 
AVA |a UDN50  |b LSP  |d 201.7 NG-L  |e available  |t Error 5001 Not defined in file expand_doc_bib_avail.  |f 5  |g 0  |h N  |i 0  |k 1 
TYP |a Monograph 
TYP |a Printed language 
980 |a Mạng thư viện Đại học Đà Nẵng